000 01071pam a2200337 a 4500
001 3133
003 FISKH
005 20240208102616.0
008 960105s1996 nyua j 000 1 eng
010 _a 96000052
020 _a0064420299 (pbk.)
020 _a9780545223614
040 _aDLC
_cDLC
_dDLC
_beng
042 _alcac
050 0 0 _aPZ7.B81422
_bIn 1996
082 0 0 _a[Fic]
_220
100 1 _aBrown, Jeff,
_d1926-2003
245 1 0 _aInvisible Stanley /
_cby Jeff Brown ; Pictures by Macky Pamintuan
250 _aThis edition first printing, September 2009
260 _aNew York :
_bScholastic,
_c1996
300 _a91, 7 pages :
_billustrations ;
_c20 cm
505 _aK
520 _aOne morning after a thunderstorm, the Lambchop family is surprised to discover that Stanley is suddenly invisible.
521 8 _a520
_bLexile
521 8 _aK
_bRaz-Plus
650 1 _aBrothers
_xFiction.
650 1 _aHumorous stories.
700 _aPamintuan, Macky
906 _a7
_bcbc
_corignew
_d1
_eocip
_f19
_gy-gencatlg
942 _2ddc
_cBK
_n0
999 _c3133
_d3133